Southville International School and Colleges
Your cart is empty.
  • Cart
  • Lists
    Public lists Eva Luna New books Lux_list list_1
    Your lists Log in to create your own lists
  • Log in to your account
  • Your cookies
  • Search history
Southville International School and Colleges
  • Advanced search
  • Recent comments
  • Most popular
  • Libraries

Log in to your account

Log in with GOOGLE


If you do not have an external account, but do have a local account, you can still log in:

  1. Home
  2. MARC view: Experiments with flight /
Normal view MARC view ISBD view

Experiments with flight / (Record no. 12180)

[ view plain ]
MARC details
000 -LEADER
fixed length control field 00614nam a22002057a 4500
003 - CONTROL NUMBER IDENTIFIER
control field PILC
005 - DATE AND TIME OF LATEST TRANSACTION
control field 20151027150039.0
008 - FIXED-LENGTH DATA ELEMENTS--GENERAL INFORMATION
fixed length control field 130927t xxu||||| |||| 00| 0 eng d
020 ## - INTERNATIONAL STANDARD BOOK NUMBER
International Standard Book Number 9780745151168
050 ## - LIBRARY OF CONGRESS CALL NUMBER
Classification number TL 547
Item number .M478 1992
082 ## - DEWEY DECIMAL CLASSIFICATION NUMBER
Classification number GS 507.24
Item number C813 1992
100 ## - MAIN ENTRY--PERSONAL NAME
Personal name McCormick, Frank
9 (RLIN) 21859
245 ## - TITLE STATEMENT
Title Experiments with flight /
Statement of responsibility, etc Frank McCormick.
260 ## - PUBLICATION, DISTRIBUTION, ETC. (IMPRINT)
Place of publication, distribution, etc Bath,Avon :
Name of publisher, distributor, etc Cherrytree Press ltd,
Date of publication, distribution, etc 1992.
300 ## - PHYSICAL DESCRIPTION
Extent 47 p. :
Other physical details col. ill. ;
Dimensions 25 cm.
500 ## - GENERAL NOTE
General note Includes index.
650 ## - SUBJECT ADDED ENTRY--TOPICAL TERM
Topical term or geographic name as entry element Science
General subdivision experiments using floating objects.
9 (RLIN) 21860
942 ## - ADDED ENTRY ELEMENTS (KOHA)
Source of classification or shelving scheme Library of Congress Classification
Koha item type Books
Holdings
Withdrawn status Lost status Source of classification or shelving scheme Damaged status Home library Current library Shelving location Date acquired Total Checkouts Full call number Barcode Date last seen Copy number Price effective from Koha item type
    Library of Congress Classification   Luxembourg Library Luxembourg Library Grade School Section 09/27/2013   TL 547 .M478 1992 8593 09/27/2013 1 09/27/2013 Books

Experiments with flight /

APA

McCormick F., . (1992). Experiments with flight. Bath,Avon: Cherrytree Press ltd.

Chicago

McCormick Frank, . 1992. Experiments with flight. Bath,Avon: Cherrytree Press ltd.

Harvard

McCormick F., . (1992). Experiments with flight. Bath,Avon: Cherrytree Press ltd.

MLA

McCormick Frank, . Experiments with flight. Bath,Avon: Cherrytree Press ltd. 1992.

  • Place hold
  • Print
  • Cite
  • Add to your cart (remove)
  • Save record
    BIBTEX Dublin Core MARCXML MARC (non-Unicode/MARC-8) MARC (Unicode/UTF-8) MARC (Unicode/UTF-8, Standard) MODS (XML) RIS
  • More searches
    Search for this title in:
    Other Libraries (WorldCat) Other Databases (Google Scholar) Online Stores (Bookfinder.com) Open Library (openlibrary.org)

Exporting to Dublin Core...

SOUTHVILLE LIBRARY

Southville International School and Colleges Library

1281 Tropical Ave. Cor. Luxembourg St., BF Homes International, Las Pinas City

Tel. No. 8256374 / 252358 Loc. 117/146

Powered by Koha